[Event "Collado Villalba op-B 34th"]
[Site "Collado Villalba"]
[Date "2017.08.29"]
[Round "8"]
[White "Merino Conrado, Ricardo"]
[Black "Rodriguez Gomez, Jose Antonio"]
[Result "1/2-1/2"]
[WhiteElo "1474"]
[BlackElo "1585"]
[PlyCount "101"]
[EventDate "2017.08.22"]
[EventType "swiss"]
[EventRounds "9"]
[EventCountry "ESP"]
[SourceTitle "CBM 180 Extra"]
[Source "ChessBase"]
[SourceDate "2017.10.06"]
[SourceVersion "1"]
[SourceVersionDate "2017.10.06"]
[SourceQuality "1"]

1. d4 d5 2. Nf3 Nf6 3. c4 c6 4. Nc3 e6 5. h3 Be7 6. b3 0-0 7. Bb2 Bb4 8. Nd2 Nbd7 9. e3 Re8 10. f4 Bd6 11. Qf3 Nf8 12. g4 N6d7 13. h4 c5 14. Nb5 Be7 15. g5 f5 16. Bd3 a6 17. Na3 Nb6 18. Nc2 Qc7 19. Rc1 Bd7 20. Kf2 Bc6 21. Qh3 dxc4 22. Nxc4 Bxh1 23. Qxh1 Nd5 24. Ne5 Rad8 25. h5 Qa5 26. b4 cxb4 27. Bc4 Bd6 28. Ng6 Rd7 29. Nh4 Bb8 30. Bb3 Qd8 31. Qf3 b5 32. e4 Nxf4 33. exf5 Qxg5 34. Rh1 Kh8 35. Bc1 Qxh5 36. Ng6+ hxg6 37. Rxh5+ Nxh5 38. fxg6 Nf6 39. Qh3+ Kg8 40. Qg2 Nd5 41. Bxd5 exd5 42. Nxb4 Re6 43. Be3 Rxg6 44. Qh1 Rf7+ 45. Ke2 Bf4 46. Qxd5 Bxe3 47. Kxe3 Rgf6 48. Nd3 Ng6 49. Qa8+ Kh7 50. Qh1+ Kg8 51. Qd5 1/2-1/2

[Event "Collado Villalba op-B 34th"]
[Site "Collado Villalba"]
[Date "2017.08.22"]
[Round "1"]
[White "Merino Conrado, Ricardo"]
[Black "Fernandez Rios, Jose Francisco"]
[Result "1/2-1/2"]
[WhiteElo "1474"]
[BlackElo "1771"]
[PlyCount "83"]
[EventDate "2017.08.22"]
[EventType "swiss"]
[EventRounds "9"]
[EventCountry "ESP"]
[SourceTitle "CBM 180 Extra"]
[Source "ChessBase"]
[SourceDate "2017.10.06"]
[SourceVersion "1"]
[SourceVersionDate "2017.10.06"]
[SourceQuality "1"]

1. c4 c5 2. Nf3 g6 3. Nc3 Bg7 4. e3 Nf6 5. d4 cxd4 6. exd4 d5 7. c5 Nc6 8. a3 0-0 9. Bf4 a6 10. Be2 Nh5 11. Be3 Nf6 12. Na4 Bg4 13. Nb6 Ra7 14. h3 Bxf3 15. Bxf3 e6 16. Qd3 Nd7 17. Nxd7 Qxd7 18. b4 e5 19. Bg4 f5 20. Be2 f4 21. 0-0 fxe3 22. fxe3 Rxf1+ 23. Rxf1 Ra8 24. b5 axb5 25. Bg4 e4 26. Qxb5 Qe7 27. Qb3 Rd8 28. Bd1 Na5 29. Qc3 Qc7 30. Bg4 b6 31. Be6+ Kh8 32. Rf7 Qc6 33. Ra7 Qxe6 34. cxb6 Nc6 35. Rc7 Rc8 36. Rxc8+ Qxc8 37. a4 Qb7 38. Qc5 Nd8 39. Qc7 Bf6 40. a5 Kg8 41. g4 Qa6 42. Qd6 1/2-1/2

[Event "Collado Villalba op-B 32nd"]
[Site "Collado Villalba"]
[Date "2015.08.27"]
[Round "6"]
[White "Rodriguez Bachiller, Luis"]
[Black "Merino Conrado, Ricardo"]
[Result "1-0"]
[WhiteElo "1685"]
[BlackElo "1468"]
[PlyCount "101"]
[EventDate "2015.08.22"]
[EventType "swiss"]
[EventRounds "9"]
[EventCountry "ESP"]
[SourceTitle "EXT 2016"]
[Source "ChessBase"]
[SourceDate "2015.10.08"]
[SourceVersion "1"]
[SourceVersionDate "2015.10.08"]
[SourceQuality "1"]

1. e4 d6 2. d4 Nf6 3. Bd3 g6 4. c4 Bg7 5. Nc3 c6 6. Nf3 Bg4 7. h3 Bd7 8. 0-0 0-0 9. Be3 Kh8 10. Rc1 Ng8 11. Bb1 Qc8 12. e5 Rd8 13. exd6 exd6 14. Ne4 Be8 15. Bg5 f6 16. Bf4 Qe6 17. Re1 Bf8 18. Nxd6 Qd7 19. Nxe8 Rxe8 20. Rxe8 Qxe8 21. Qe1 Qd7 22. Rd1 Ne7 23. Qd2 Na6 24. Bh6 Nc7 25. Bxf8 Rxf8 26. Re1 Rd8 27. Qf4 Ng8 28. Re4 Ne6 29. Qe3 Ng7 30. Qc3 c5 31. d5 Nf5 32. Rf4 Qd6 33. g3 Nfh6 34. Ng5 Rf8 35. Ne6 Rf7 36. Qe3 b6 37. Rh4 g5 38. Rh5 Re7 39. Kg2 Qd7 40. Qf3 Qe8 41. Rxh6 Nxh6 42. Qxf6+ Kg8 43. Qxh6 Qf7 44. Qxg5+ Kh8 45. Qe5+ Kg8 46. f4 h5 47. Qg5+ Kh8 48. Bg6 Qg8 49. Qxh5+ Rh7 50. Qxh7+ Qxh7 51. Bxh7 1-0